000
00348nam a22001577a 4500
999
_c
478751
_d
478751
003
NUST
005
20180713060326.0
008
180713b ||||| |||| 00| 0 eng d
038
_a
0
082
_a
302.23
100
_4
Maryum Javaid
245
_a
Documentary: blackout
260
_a
Islamabad
_b
NUST
_c
2017
300
_a
51p
942
_2
ddc
_c
THE